| 000 | 00547nam a22001577a 4500 | ||
|---|---|---|---|
| 005 | 20221005131855.0 | ||
| 008 | 120321t mx ||||| |||| 00| 0 sp d | ||
| 050 | 0 | 4 |
_aKGF2700 _bJ85 1965 |
| 245 | 0 | 3 |
_aEl juicio de amparo y el Poder Judicial de la Federación. _c/ |
| 250 | _a1a ed. | ||
| 260 |
_aMéxico : _bSuprema Corte de Justicia de la Nación, _c1965 |
||
| 300 |
_at. ; _c27 cm. |
||
| 505 |
_aContenido : _gLibro 1 T.1 , Libro 1 T.2, Libro 1 T.3, Libro 2, Libro 3 |
||
| 650 | 7 |
_2lemb _aRecurso de amparo _xHistoria _zMéxico |
|
| 942 |
_2lcc _cLIB |
||
| 999 |
_c29952 _d29952 |
||